[Event "World Cup U14 Prel"]
[Site "Tornelo INT"]
[Date "2021.08.11"]
[Round "1"]
[White "Latorre, Vincent"]
[Black "Terence, Melvin"]
[Result "1-0"]
[WhiteElo "1731"]
[BlackElo "1028"]
[PlyCount "115"]
[EventDate "2021.08.11"]
[EventType "swiss (rapid)"]
[EventRounds "10"]
[EventCountry "NET"]
[SourceTitle "EXT 2025"]
[Source "ChessBase"]
[SourceDate "2024.10.14"]
[SourceVersion "1"]
[SourceVersionDate "2024.10.14"]
[SourceQuality "1"]

1. e4 e5 2. Nf3 Nc6 3. Bc4 Bc5 4. c3 Nf6 5. d3 d6 6. Bb3 0-0 7. 0-0 Be6 8. h3 d5 9. Re1 Qd6 10. Nbd2 d4 11. Bxe6 Qxe6 12. Nb3 Bb6 13. c4 a6 14. Bd2 Ba7 15. Rc1 Ne7 16. Nh4 c5 17. Rf1 Ng6 18. Nf5 Ne7 19. g4 Nxf5 20. gxf5 Qe7 21. Kh2 Nd7 22. Rg1 Qf6 23. Bg5 Qd6 24. Qg4 Nf6 25. Qh4 Nd7 26. Be7 Qc6 27. f6 g6 28. Bxf8 Rxf8 29. Qg5 Qxf6 30. Qxf6 Nxf6 31. Na5 b6 32. Nc6 Bb8 33. Nxb8 Rxb8 34. a3 a5 35. Kg2 Nh5 36. Rcd1 Nf4+ 37. Kh2 Ne2 38. Rge1 Nf4 39. Rd2 Re8 40. Rb1 f5 41. f3 fxe4 42. fxe4 Ne6 43. b4 axb4 44. axb4 cxb4 45. Rxb4 Rb8 46. Rb5 Ng5 47. Kg3 Nf7 48. Rdb2 Nd6 49. Rxb6 Rxb6 50. Rxb6 Nf7 51. c5 Kf8 52. c6 Ke8 53. Rb8+ Ke7 54. c7 Kd6 55. c8Q Ng5 56. Qd8+ Kc6 57. Rb6+ Kc5 58. Qc7# 1-0

[Event "World Cup U14 Prel"]
[Site "Tornelo INT"]
[Date "2021.08.11"]
[Round "8"]
[White "Terence, Melvin"]
[Black "Chiravanich, Pathee"]
[Result "0-1"]
[WhiteElo "1028"]
[BlackElo "1352"]
[PlyCount "98"]
[EventDate "2021.08.11"]
[EventType "swiss (rapid)"]
[EventRounds "10"]
[EventCountry "NET"]
[SourceTitle "EXT 2025"]
[Source "ChessBase"]
[SourceDate "2024.10.14"]
[SourceVersion "1"]
[SourceVersionDate "2024.10.14"]
[SourceQuality "1"]

1. e4 e5 2. Nf3 Nc6 3. d4 exd4 4. Bc4 Be7 5. c3 Na5 6. Qxd4 Nf6 7. Qd3 Nxc4 8. Qxc4 0-0 9. 0-0 d5 10. exd5 Nxd5 11. Rd1 Be6 12. Qe2 Qc8 13. Bg5 Bxg5 14. Nxg5 Nf4 15. Qf3 Bg4 16. Qxf4 Bxd1 17. Qe4 g6 18. f3 Qd8 19. Qh4 h5 20. g4 Kg7 21. gxh5 Rh8 22. Qf4 Qf6 23. h6+ Rxh6 24. Qxf6+ Kxf6 25. Ne4+ Kg7 26. Kg2 Bc2 27. Na3 Bxe4 28. fxe4 c6 29. Rd1 Rh4 30. Re1 Re8 31. e5 Rh5 32. Nc4 b5 33. Na3 Rhxe5 34. Rxe5 Rxe5 35. b3 Re2+ 36. Kf3 Rxa2 37. Nxb5 cxb5 38. b4 Rc2 39. h4 Rxc3+ 40. Kg2 Rc4 41. Kg3 Rxb4 42. Kh3 a5 43. Kg2 a4 44. Kf1 a3 45. Ke2 a2 46. Kd3 a1Q 47. Ke3 Qa3+ 48. Kd2 Rb2+ 49. Kc1 Qa1# 0-1

[Event "World Cup U14 Prel"]
[Site "Tornelo INT"]
[Date "2021.08.11"]
[Round "10"]
[White "Terence, Melvin"]
[Black "Laksiri, AA Kavishka Gimshan"]
[Result "0-1"]
[WhiteElo "1028"]
[BlackElo "1387"]
[PlyCount "116"]
[EventDate "2021.08.11"]
[EventType "swiss (rapid)"]
[EventRounds "10"]
[EventCountry "NET"]
[SourceTitle "EXT 2025"]
[Source "ChessBase"]
[SourceDate "2024.10.14"]
[SourceVersion "1"]
[SourceVersionDate "2024.10.14"]
[SourceQuality "1"]

1. e4 e5 2. Nf3 Nc6 3. d4 exd4 4. Bc4 Bc5 5. c3 d3 6. Qxd3 Nf6 7. 0-0 0-0 8. Re1 Ng4 9. Re2 Nge5 10. Nxe5 Nxe5 11. Qd5 d6 12. Bb3 c6 13. Qd2 Bg4 14. Re1 Qh4 15. Rf1 Bf3 16. Qg5 Qxg5 17. Bxg5 Bxe4 18. Nd2 Bd3 19. Rfe1 a5 20. Be3 Bxe3 21. fxe3 a4 22. Bd1 d5 23. Nf3 Nxf3+ 24. Bxf3 a3 25. bxa3 Rxa3 26. Rec1 Re8 27. Kf2 Rea8 28. Ke1 Rxa2 29. Rxa2 Rxa2 30. Rd1 Bc4 31. e4 Kf8 32. exd5 Bxd5 33. Bxd5 cxd5 34. Rxd5 Rxg2 35. Rh5 h6 36. Rh3 Ke7 37. Kf1 Rc2 38. Ke1 Kd6 39. Kd1 Rg2 40. Rh4 f5 41. Kc1 Ke5 42. Kd1 f4 43. Rh3 Ke4 44. Rh4 Ke3 45. Rh3+ f3 46. Kc1 Ke2 47. Kb1 f2 48. Kb2 f1Q 49. Kb3 Ke1 50. Rh4 Qf7+ 51. Ka4 Ra2+ 52. Kb4 Qe7+ 53. Kb5 Qxh4 54. Kc5 Ra5+ 55. Kb6 Qa4 56. Kxb7 Qc4 57. Kb6 Rb5+ 58. Ka6 Qa4# 0-1